Computer science : (Record no. 1848)

MARC details
000 -LEADER
fixed length control field 00779cac a22002051u 4500
008 - FIXED-LENGTH DATA ELEMENTS--GENERAL INFORMATION
fixed length control field 081102t1982 nyj|||||r|||| 001 0 eng d
010 ## - LIBRARY OF CONGRESS CONTROL NUMBER
LC control number 81021191
020 ## - INTERNATIONAL STANDARD BOOK NUMBER
International Standard Book Number 0131657046 (pbk.) :
082 00 - DEWEY DECIMAL CLASSIFICATION NUMBER
Classification number 001.64
Item number GOL
Edition number 22
100 ## - MAIN ENTRY--PERSONAL NAME
Personal name Goldschlager, L.,
Dates associated with a name 1951-
9 (RLIN) 33538
245 10 - TITLE STATEMENT
Title Computer science :
Remainder of title a modern introduction /
Statement of responsibility, etc L. Goldschlager and A. Lister.
260 ## - PUBLICATION, DISTRIBUTION, ETC. (IMPRINT)
Place of publication, distribution, etc Englewood Cliffs, N.J. :
Name of publisher, distributor, etc Prentice/Hall International,
Date of publication, distribution, etc c1982.
300 ## - PHYSICAL DESCRIPTION
Extent xii, 303 p. :
Other physical details ill. ;
Dimensions 23 cm.
440 #0 -
-- Prentice-Hall International series in computer science
-- 21148
500 ## - GENERAL NOTE
General note Donations - Dr. Mostafa Gouda
504 ## - BIBLIOGRAPHY, ETC. NOTE
Bibliography, etc Includes bibliographies and index.
650 #0 - SUBJECT ADDED ENTRY--TOPICAL TERM
Topical term or geographic name as entry element Computer science.
9 (RLIN) 33539
700 1# - ADDED ENTRY--PERSONAL NAME
Personal name Lister, A.
Fuller form of name (Andrew),
Dates associated with a name 1945-
9 (RLIN) 33540
942 ## - ADDED ENTRY ELEMENTS (KOHA)
Item type Book - Borrowing
Call number prefix 001.64GOL
Source of classification or shelving scheme Dewey Decimal Classification
Holdings
Withdrawn status Item status Damaged status Not for loan Home library Current library Shelving location Date acquired Source of acquisition Total Checkouts Full call number Barcode Date last seen Koha item type
        Central Library Central Library Lower Floor 18/12/2006 Purchase   001.64 GOL 000002469 15/07/2025 Book - Borrowing